000 00858aam a2200337 4500
005 20231128180033.0
008 150526b2010 xxu||||| |||| 00| 0 spa d
020 _a9789588595016
041 _aESP
082 _a635 H715c
110 _aHogares Juveniles Campesiones
245 _aCultivo ecológico de hortalizas
260 _aColombia
260 _bLexus Editores
260 _c2010
300 _a175 páginas
505 _aContiene DVD N° 440
650 _aHORTICULTURA
650 _aHORTALIZAS
650 _aVERDURAS
650 _aCULTIVO ECOLÓGICO
650 _aANÁLISIS DE SUELOS
650 _aAGRICULTURA ORGÁNICA
650 _aPRODUCCIÓN DE HORTALIZAS
650 _aORGANIZACIÓN DE LA HUERTA
650 _aMANEJO FITOSANITARIO
650 _aCOSECHA
650 _aPOSCOSECHA
650 _aRIEGO
942 _cBK
_2ddc
999 _c2300
_d2300